Tamil̲ nāvalin̲ tōr̲r̲amum vaḷarcciyum. (Record no. 76024)
[ view plain ]
| 000 -LEADER | |
|---|---|
| fixed length control field | 00678cam a22002411 4500 |
| 001 - CONTROL NUMBER | |
| control field | sa 67006542 |
| 003 - CONTROL NUMBER IDENTIFIER | |
| control field | DLC |
| 005 - DATE AND TIME OF LATEST TRANSACTION | |
| control field | 20260227112408.0 |
| 008 - FIXED-LENGTH DATA ELEMENTS--GENERAL INFORMATION | |
| fixed length control field | 890425s1966 ii ach b 000 0 tamo |
| 010 ## - LIBRARY OF CONGRESS CONTROL NUMBER | |
| LC control number | sa 67006542 |
| 035 ## - SYSTEM CONTROL NUMBER | |
| System control number | (OCoLC)19601681 |
| 040 ## - CATALOGING SOURCE | |
| Original cataloging agency | DLC |
| Transcribing agency | WaU |
| Modifying agency | DLC |
| 043 ## - GEOGRAPHIC AREA CODE | |
| Geographic area code | a-ii--- |
| 050 00 - LIBRARY OF CONGRESS CALL NUMBER | |
| Classification number | PL4758.4 |
| Item number | .J3 |
| 100 1# - MAIN ENTRY--PERSONAL NAME | |
| Personal name | Jakannātan̲, Ki. Vā., |
| Dates associated with a name | 1906- |
| 245 10 - TITLE STATEMENT | |
| Title | Tamil̲ nāvalin̲ tōr̲r̲amum vaḷarcciyum. |
| 260 ## - PUBLICATION, DISTRIBUTION, ETC. | |
| Date of publication, distribution, etc. | [1966] |
| 300 ## - PHYSICAL DESCRIPTION | |
| Extent | xiii, 159, [2], 3 p. |
| Dimensions | 18 cm. |
| 440 #0 - SERIES STATEMENT/ADDED ENTRY--TITLE | |
| Title | Kalki memorial lectures, |
| Volume/sequential designation | 1963-64 |
| 500 ## - GENERAL NOTE | |
| General note | In Tamil. |
| 504 ## - BIBLIOGRAPHY, ETC. NOTE | |
| Bibliography, etc. note | Bibliography: p. [160]-[161] |
| 650 #0 - SUBJECT ADDED ENTRY--TOPICAL TERM | |
| Topical term or geographic name entry element | Tamil fiction |
| General subdivision | History and criticism. |
No items available.